[Event "Let's Play Chess!"]
[Site "http://www.queenalice.com/game.php?id=624330"]
[Date "2009.7.24"]
[Round "-"]
[White "FreitasPC"]
[Black "Marcelo23Xadrez"]
[Result "1-0"]
[WhiteElo "1601"]
[BlackElo "1100"]

1. d4 d5 2. c4 e6 3. Nc3 Nf6 4. Nf3 Bb4 5. e3 O-O 6. Be2 Nc6 7. O-O Re8 8. a3
Bd6 9. b3 e5 10. cxd5 Nb8 11. dxe5 Bxe5 12. Nxe5 Rxe5 13. Bc4 Bf5 14. Bb2 Nbd7
15. Nb5 Nb6 16. Bxe5 Nfxd5 17. Bxc7 Qg5 18. Bxd5 Nxd5 19. Qxd5 Re8 20. Bf4 Qg4
21. h3 Qg6 22. Nd6 Rd8 23. Qxf5 Qxf5 24. Nxf5 1-0

[Event "Good Game"]
[Site "http://www.queenalice.com/game.php?id=624331"]
[Date "2009.7.24"]
[Round "-"]
[White "Marcelo23Xadrez"]
[Black "FreitasPC"]
[Result "1-0"]
[WhiteElo "1417"]
[BlackElo "1816"]

1. d4 d5 2. c4 c6 3. Nc3 Nf6 4. Nf3 Nbd7 5. Bf4 e6 6. e3 Be7 7. Bd3 O-O 8. O-O
Nh5 9. Be5 Nxe5 10. Nxe5 Nf6 11. Rc1 Bd6 12. Qc2 h6 13. e4 Bxe5 14. dxe5 Ng4 15.
exd5 Nxe5 16. Rfd1 Qg5 17. Qe2 Nxd3 18. Qxd3 Bd7 19. Ne4 Qf5 20. Nc5 e5 21. Nxd7
Qxd7 22. dxc6 Qxc6 23. Qd7 Rac8 24. Qxc6 Rxc6 25. Rd7 Rfc8 26. b3 R8c7 27. Rcd1
a6 28. R7d5 f6 29. Rd8+ Kf7 30. Kf1 Ke7 31. Ke2 b5 32. cxb5 axb5 33. R8d5 Rc2+
34. R1d2 g5 35. Rxb5 Rc1 36. Rb8 Rd7 37. Rxd7+ Kxd7 38. Rh8 Rc2+ 39. Ke3 Rxa2
40. Rxh6 Ke6 41. Rh8 Rb2 42. Rb8 f5 43. b4 g4 44. Rb6+ Ke7 45. g3 Rb3+ 46. Ke2
Rb2+ 47. Kf1 e4 48. b5 Rb1+ 49. Ke2 Rb2+ 50. Ke3 Rb3+ 51. Kd4 Rf3 52. Rh6 Rxf2
53. b6 Rb2 54. b7 Kd8 55. Rh7 Rb3 56. Kc5 e3 57. Kc4 Rb2 58. Kc3 Rb1 59. Kd3
Rb3+ 60. Ke2 1-0

[Event "Challenge"]
[Site "http://www.queenalice.com/game.php?id=631302"]
[Date "2009.8.6"]
[Round "-"]
[White "montelo"]
[Black "Marcelo23Xadrez"]
[Result "0-1"]
[WhiteElo "1870"]
[BlackElo "1636"]

1. e4 c5 2. Bc4 Nc6 3. Qf3 Nf6 4. Nh3 Ne5 5. Qd3 Nxd3+ 6. cxd3 e6 7. Nc3 d5 8.
exd5 exd5 9. Bb5+ Bd7 10. a4 Be7 11. O-O O-O 12. b3 Bxh3 13. gxh3 a6 14. Bxa6
Rxa6 15. Bb2 Qd7 16. Ne2 Qxh3 17. Nf4 Qh4 18. Ng2 Qh6 19. Rae1 Ng4 20. h4 Bxh4
21. Nxh4 Qxh4 22. Kg2 Rg6 23. Kf3 Nh2+ 0-1

[Event "Challenge"]
[Site "http://www.queenalice.com/game.php?id=631303"]
[Date "2009.8.6"]
[Round "-"]
[White "Marcelo23Xadrez"]
[Black "montelo"]
[Result "1-0"]
[WhiteElo "1599"]
[BlackElo "1866"]

1. d4 c6 2. e4 e5 3. dxe5 Qa5+ 4. Nc3 Qxe5 5. Nf3 Qe6 6. Bd3 d6 7. Be3 d5 8. O-O
Bb4 9. exd5 cxd5 10. Ng5 Qc6 11. Bb5 d4 12. Bxd4 Bxc3 13. Bxc6+ Nxc6 14. Bxc3 f6
15. Re1+ Nge7 16. Nf3 O-O 17. Nd4 Rd8 18. Qe2 Nd5 19. Nxc6 Nxc3 20. Qc4+ Rd5 21.
Ne7+ 1-0

[Event "Let's Play Chess!"]
[Site "http://www.queenalice.com/game.php?id=631322"]
[Date "2009.8.6"]
[Round "-"]
[White "rubensar"]
[Black "Marcelo23Xadrez"]
[Result "0-1"]
[WhiteElo "1939"]
[BlackElo "1683"]

1. e4 c5 2. Nf3 Nc6 3. Bc4 d6 4. O-O Nf6 5. Nc3 e6 6. a3 Be7 7. d4 cxd4 8. Nxd4
O-O 9. Nf3 Bd7 10. Bd3 Qc7 11. Bd2 d5 12. Nb5 Qd8 13. exd5 Nxd5 14. Nc3 Nf6 15.
h3 e5 16. Ne4 Re8 17. Rc1 Rc8 18. Be3 Nd5 19. Bd2 Nf4 20. Bxf4 exf4 21. Qd2 Qc7
22. b4 Bf5 23. Neg5 Red8 24. Qe2 Bxd3 25. cxd3 Bxg5 26. Nxg5 h6 27. Nf3 Qd6 28.
Rfd1 Nd4 29. Nxd4 Qxd4 30. Rxc8 Rxc8 31. Qe4 Qxe4 32. dxe4 Kf8 33. Rd3 Rc1+ 34.
Kh2 Rc2 35. f3 Ke7 36. a4 Rc4 37. Rb3 Ke6 38. a5 f5 39. exf5+ Kxf5 40. b5 Ra4
41. b6 Rxa5 42. bxa7 Rxa7 43. Rb5+ Ke6 44. Kg1 Kd6 45. h4 Kc6 46. Rb4 b5 47.
Rxf4 Rb7 48. Rb4 Kc5 49. Rb1 b4 50. Rc1+ Kd4 51. Kf2 Kd3 52. Ke1 b3 53. Rc6 b2
54. Rd6+ Kc3 55. Rc6+ Kb3 0-1

[Event "Challenge"]
[Site "http://www.queenalice.com/game.php?id=631602"]
[Date "2009.8.6"]
[Round "-"]
[White "eduxarapov"]
[Black "Marcelo23Xadrez"]
[Result "0-1"]
[WhiteElo "1585"]
[BlackElo "1722"]

1. e4 c5 2. Nc3 e6 3. Nf3 Nc6 4. Be2 d6 5. O-O Nf6 6. d4 cxd4 7. Nxd4 Be7 8. Bb5
Bd7 9. Bc4 O-O 10. Bf4 Nxd4 11. Qxd4 e5 12. Bxe5 dxe5 13. Qxe5 Re8 14. Nd5 Nxd5
15. Bxd5 Bf6 16. Qh5 Be6 17. Bxb7 Rb8 18. Bc6 Re7 19. e5 g6 20. Qe2 Bf5 21. Rad1
Qc7 22. Bd5 Bxe5 23. g3 Bxg3 24. Qf3 Bxh2+ 25. Kg2 Rxb2 26. Rh1 Bd6 27. Rd2 Rxc2
28. Rxc2 Qxc2 29. Bb3 Qd2 30. Qa8+ Kg7 31. Rd1 Qg5+ 0-1

[Event "AUTO-OPEN-1649"]
[Site "http://www.queenalice.com/game.php?id=631967"]
[Date "2009.8.7"]
[Round "1"]
[White "Jerick"]
[Black "Marcelo23Xadrez"]
[Result "1-0"]
[WhiteElo "2200"]
[BlackElo "1776"]

1. c4 e5 2. d3 Nf6 3. Nc3 Nc6 4. Nf3 Bb4 5. Bg5 O-O 6. Nd2 h6 7. Bh4 Bxc3 8.
bxc3 d5 9. cxd5 Qxd5 10. Bxf6 gxf6 11. e4 Qa5 12. Qc1 Be6 13. Be2 Ne7 14. Nb3
Qb6 15. Qxh6 Ng6 16. g3 f5 17. O-O fxe4 18. dxe4 Bxb3 19. Rab1 Qc6 20. axb3 Qxe4
21. Bc4 Qf5 22. Rbe1 Rad8 23. h4 Rd6 24. Qe3 a6 25. Qe4 Qxe4 26. Rxe4 b5 27. Be2
f6 28. Rg4 Kf7 29. c4 c6 30. Ra1 Ra8 31. cxb5 cxb5 32. Bxb5 Ne7 33. Bc4+ Kf8 34.
Kg2 a5 35. Ra2 Ra7 36. h5 Nf5 37. Rg8+ Ke7 38. h6 Rdd7 39. h7 1-0

[Event "AUTO-OPEN-1649"]
[Site "http://www.queenalice.com/game.php?id=631968"]
[Date "2009.8.7"]
[Round "1"]
[White "Marcelo23Xadrez"]
[Black "Jerick"]
[Result "1/2-1/2"]
[WhiteElo "1764"]
[BlackElo "2247"]

1. d4 Nf6 2. c4 e6 3. Nc3 Bb4 4. Qc2 O-O 5. a3 Be7 6. Nf3 d5 7. e3 c5 8. Bd3
dxc4 9. Bxc4 b6 10. O-O Bb7 11. Ne5 cxd4 12. Rd1 Nc6 13. Nxc6 Bxc6 14. Rxd4 Qc7
15. Bd3 Qb7 16. Ne4 Nxe4 17. Bxe4 Bxe4 18. Rxe4 Rac8 19. Rc4 Rxc4 20. Qxc4 Bf6
21. h3 h6 22. Rb1 Rd8 23. f3 Rd1+ 24. Kh2 Qb8+ 25. f4 e5 26. Qc2 Rd8 27. b4 exf4
28. exf4 Rc8 29. Qf2 Rc4 30. Bd2 Rc2 31. Qe3 Bg5 32. Re1 Kf8 33. Kh1 Bf6 34. Re2
Qc8 35. b5 g6 36. Bb4+ Kg7 37. Qe8 Qxe8 38. Rxe8 h5 39. Re3 h4 40. Bd6 Rc1+ 41.
Kh2 Bd4 42. Be5+ Bxe5 43. fxe5 Rc5 44. e6 fxe6 45. Rxe6 Kf7 46. Re4 g5 47. Ra4
Rxb5 48. Rxa7+ Kf6 49. a4 Rb2 50. Rb7 Rb4 51. Rb8 Ke5 52. Re8+ Kf4 53. Rf8+ Ke5
54. Re8+ Kf4 55. Rf8+ Ke5 56. Re8+ Kf6 57. Rf8+ Ke7 58. Rf5 Rxa4 59. Rxg5 Rb4
60. g4 Rb2+ 61. Kg1 Rb3 62. Kg2 Rb2+ 63. Kg1 Rb3 64. Kg2 1/2-1/2

[Event "AUTO-OPEN-1649"]
[Site "http://www.queenalice.com/game.php?id=631983"]
[Date "2009.8.7"]
[Round "1"]
[White "Marcelo23Xadrez"]
[Black "jeancnet"]
[Result "1-0"]
[WhiteElo "1566"]
[BlackElo "1311"]

1. d4 d5 2. c4 e5 3. dxe5 Bb4+ 4. Bd2 a5 5. a3 Qe7 6. axb4 b6 7. e3 dxc4 8. Bxc4
Qxe5 9. Bc3 Qe4 10. Bd5 Nh6 11. Bxe4 Ra6 12. bxa5 bxa5 13. Bxg7 Bg4 14. Qa4+ c6
15. Bxh8 Nd7 16. Bxc6 Ke7 17. Bxd7 Rd6 18. Bxg4 f5 19. Bxf5 Nxf5 20. Qe4+ Re6
21. Qxf5 a4 22. Rxa4 1-0

[Event "AUTO-OPEN-1649"]
[Site "http://www.queenalice.com/game.php?id=631984"]
[Date "2009.8.7"]
[Round "1"]
[White "jeancnet"]
[Black "Marcelo23Xadrez"]
[Result "0-1"]
[WhiteElo "1311"]
[BlackElo "1490"]

1. e4 c5 2. Bc4 Nc6 3. Qf3 Nf6 4. d4 Nxd4 5. Qf5 Nxf5 6. exf5 d5 7. Bb3 Bxf5 8.
Ba4+ Bd7 9. Nc3 Bxa4 10. Nxa4 e6 11. Nf3 Qa5+ 12. c3 Qxa4 13. b3 Qa6 14. Ne5 Bd6
15. Bf4 Bxe5 16. Bxe5 Ne4 17. g3 f6 18. Bf4 Nxc3 19. Kd2 Ne4+ 20. Ke3 d4+ 21.
Kxe4 Qc6+ 22. Kd3 Qf3+ 23. Kc4 Qc3+ 24. Kb5 Qb4# 0-1

[Event "Challenge"]
[Site "http://www.queenalice.com/game.php?id=636175"]
[Date "2009.8.14"]
[Round "-"]
[White "chyco"]
[Black "Marcelo23Xadrez"]
[Result "0-1"]
[WhiteElo "1449"]
[BlackElo "1583"]

1. e4 c5 2. Qf3 e6 3. e5 d6 4. exd6 Bxd6 5. c4 Nc6 6. Bd3 Nf6 7. Nh3 Nd4 8. Qe3
h6 9. b3 O-O 10. Bb2 e5 11. Bxd4 exd4 12. Qf3 Qc7 13. g3 Bxh3 14. Nc3 dxc3 15.
dxc3 Rfe8+ 16. Kd2 Bg4 17. Qg2 Rad8 18. Rae1 Bf4+ 19. gxf4 Rxd3+ 20. Kxd3 Rd8+
21. Kc2 Bf5+ 22. Kb2 Rd2+ 23. Kc1 Rc2+ 24. Kb1 Qa5 25. a4 Qxc3 26. Rc1 Qb2# 0-1

[Event "GRIPE SUINA A NOVA PESTE XV"]
[Site "http://www.queenalice.com/game.php?id=650088"]
[Date "2009.9.10"]
[Round "-"]
[White "perucona"]
[Black "Marcelo23Xadrez"]
[Result "1-0"]
[WhiteElo "1557"]
[BlackElo "1774"]

1. e4 c5 2. d4 cxd4 3. Qxd4 Nc6 4. Qd5 Nf6 5. Qd3 e5 6. Nf3 Bb4+ 7. c3 Bc5 8. b4
Bb6 9. Be3 O-O 10. Bxb6 Qxb6 11. Qe3 Qxe3+ 12. fxe3 Nxe4 13. Nbd2 1-0